000
00210 a2200097 4500
001
44472
100
_a
Stewart
245
_a
Reality of Management
260
_a
London
_b
Pan Books Ltd
_c
090
_c
28184
_d
28184
942
_a
NUST-CAE
_c
M
_c
20207
999
_c
279545
_d
279545